A tsz közös és háztáji szarvasmarhatartás kooperációs lehetőségeinek vizsgálata a hódmezővásárhelyi háztáji gazdaságokban

Elmentve itt :
Bibliográfiai részletek
Szerző: Tóth Balázs
További közreműködők: Forgó Sándor (Témavezető)
Dokumentumtípus: Szakdolgozat
Megjelent: 1971
Kulcsszavak:Szarvasmarha-tenyésztés, háztáji
Hódmezővásárhely
Tárgyszavak:
Online Access:http://diploma.bibl.u-szeged.hu/97778
LEADER 00899nta a2200253 i 4500
001 dipl97778
005 20220204180759.0
008 220204s1971 hu om 0|| hun d
040 |a SZTE Diploma Repozitórium  |b hun 
041 |a hun 
100 1 |a Tóth Balázs 
245 1 2 |a A tsz közös és háztáji szarvasmarhatartás kooperációs lehetőségeinek vizsgálata a hódmezővásárhelyi háztáji gazdaságokban  |h [elektronikus dokumentum] /  |c Balázs Tóth 
260 |c 1971 
300 |a 31 
650 4 |a Agrár 
650 4 |a Agricultural sciences 
650 4 |a Animal and Dairy science 
650 4 |a Animal and dairy science 
650 4 |a Zootechnics 
650 4 |a Bovidae 
695 |a Szarvasmarha-tenyésztés, háztáji 
695 |a Hódmezővásárhely 
700 1 |a Forgó Sándor  |e ths 
856 4 0 |u http://diploma.bibl.u-szeged.hu/id/eprint/97778/1/1971_toth_balazs.pdf  |z Dokumentum-elérés